Psicoanalisi della guerra /

Gespeichert in:
Bibliographische Detailangaben
1. Verfasser: Fornari, Franco (Verfasst von)
Format: Buch
Sprache:Italienisch
Veröffentlicht: Milano : Feltrinelli, 1970
Schriftenreihe:Universale economica ; 608
Schlagworte:
Tags: Tag hinzufügen
Keine Tags, Fügen Sie das erste Tag hinzu!

MARC

LEADER 00000nam a22000007i 4500
001 IT\ICCU\SBL\0099565
003 ItRI
005 20260115232252.0
008 910930s1970 it |||||| ||||| |||||c
015 |2 IT  |a 702591 
040 |b ita  |c importazione bologna sebina 
041 7 |a ita  |2 ISO-639-2 
082 |a 301.1  |9 PSICOLOGIA SOCIALE  |2 17 
100 1 |a Fornari, Franco  |0 IT\ICCU\CFIV\016633  |4 aut 
240 1 0 |a Psicoanalisi della guerra  |3 IT\ICCU\TSA\1761659  |9 Fornari, Franco 
245 1 0 |a Psicoanalisi della guerra /  |c Franco Fornari. 
260 |a Milano :  |b Feltrinelli,  |c 1970 
300 |a 215 p. ;  |c 19 cm 
650 7 |a Guerra  |x Interpretazione psicanalitica 
830 0 |a Universale economica ;  |v 608  |0 IT\ICCU\CFI\0001103 
942 |2 ddc  |c BK  |n 0 
952 |0 0  |1 0  |4 0  |6 DOC_155_900000000000000_FOR  |7 0  |9 23312  |a BO  |b BO  |d 2026-01-15  |i 19700  |l 0  |o DOC 155.9 FOR  |p BO19700  |r 2026-01-15 23:22:52  |w 2026-01-15  |x [Sebina 5] [1 v.]  |y BK  |z 1 v. 
999 |c 19871  |d 19871